Giao lưu văn hóa Đông- Tây trong thời kỳ "Hy Lạp hóa " (334- 30 TCN)
Tổng quan về văn hóa phương Đông, phương Tây và những nhân tố thúc đẩy giao lưu văn hóa Đông- Tây thời kỳ "Hy Lạp hóa". Giao lưu văn hóa Đông - Tây thời kỳ "Hy Lạp hóa"
Shranjeno v:
| Glavni avtor: | |
|---|---|
| Drugi avtorji: | |
| Format: | Knjiga |
| Izdano: |
Đà Nẵng
Đại học Sư phạm, Đại học Đà Nẵng
2012
|
| Teme: | |
| Oznake: |
Označite
Brez oznak, prvi označite!
|
| Thư viện lưu trữ: | Mạng thư viện Đại học Đà Nẵng |
|---|
| LEADER | 01729nam a2200337 4500 | ||
|---|---|---|---|
| 001 | 000017205 | ||
| 003 | 13620 | ||
| 005 | 20130320080341.0 | ||
| 008 | 130319s2012 sd | ||
| 082 | |a 909.07 |b VU-H | ||
| 100 | 1 | |a Vũ Thị Hòa | |
| 245 | |a Giao lưu văn hóa Đông- Tây trong thời kỳ "Hy Lạp hóa " (334- 30 TCN) |c Vũ Thị Hòa ; Lê Thị Mai hướng dẫn |k Khóa luận tốt nghiệp | ||
| 260 | |a Đà Nẵng |b Đại học Sư phạm, Đại học Đà Nẵng |c 2012 | ||
| 300 | |a 69 tr., phụ lục 13 tr. |b Hình mh. |c 29 cm. |e Đĩa CD,Tài liệu tóm tắt | ||
| 500 | |a Khóa luận tốt nghiệp đại học. Chuyên ngành: Sư phạm Lịch sử | ||
| 504 | |a Mục lục đầu trang, tài liệu tham khảo tr. 73 - 74, phụ lục [13 tr.] | ||
| 520 | |a Tổng quan về văn hóa phương Đông, phương Tây và những nhân tố thúc đẩy giao lưu văn hóa Đông- Tây thời kỳ "Hy Lạp hóa". Giao lưu văn hóa Đông - Tây thời kỳ "Hy Lạp hóa" | ||
| 600 | 1 | 4 | |b Vua |c Đinh Tiên Hoàng |
| 650 | 0 | 4 | |a Văn hóa |v Khóa luận tốt nghiệp |x Hy lạp hóa |y 334- 30 TCN |
| 653 | |a Văn hóa Đông - Tây |a Thời kỳ "Hy Lạp hóa" | ||
| 700 | |a Lê Thị Mai |e Hướng dẫn | ||
| OWN | |a LSP | ||
| AVA | |a UDN50 |b LSP |d 909.07 VU-H |e available |t Error 5001 Not defined in file expand_doc_bib_avail. |f 1 |g 0 |h N |i 0 |k 1 | ||
| 999 | |a From the UDN01 | ||
| AVA | |a UDN50 |b LSP |d 909.07 VU-H |e available |t Error 5001 Not defined in file expand_doc_bib_avail. |f 1 |g 0 |h N |i 0 |k 1 | ||
| TYP | |a Monograph | ||
| TYP | |a Printed language | ||
| 980 | |a Mạng thư viện Đại học Đà Nẵng | ||